All Danish Premier League Player Ever - Statistics

General Stats
  • This quiz has been taken 28 times
  • The average score is 34 of 87
Answer Stats
Position Clubs Years Player % Correct
GK Man City, Leicester 2007-09, 2014-22 Kasper Schmeichel
100%
GK Man United, Aston Villa, Man City 1992-99, 2001-03 Peter Schmeichel
96%
MID Spurs, Brentford, Man United 2013-20, 2021-25 Christian Eriksen
88%
DEF Liverpool 2005-14 Daniel Agger
83%
ATT Manchester United 2023-25 Rasmus Hojlund
83%
DEF Chelsea 2014-15, 2017-22 Andreas Christensen
79%
DEF Leeds 2022-23 Rasmus Kristensen
79%
GK Burnley 2009-10 Brian Jensen
75%
MID Charlton, Fulham 2000-07 Claus Jensen
75%
MID Arsenal 1992-96 John Jensen
75%
MID Brentford 2021-present Mathias Jensen
75%
ATT Arsenal, Sunderland 2007-14 Nicklas Bendtner
75%
DEF Man City, Fulham 2002-03, 2005-06 Niclas Jensen
75%
MID Brentford 2021-present Christian Norgaard
71%
MID Brentford 2022-present Mikkel Damsgaard
71%
MID Southampton, Spurs 2016-24 Pierre-Emil Hojbjerg
71%
GK Chelsea 2024-present Filip Jorgensen
67%
DEF Huddersfield, Brentford 2017-19, 2021-24 Mathias Jorgensen
67%
GK Sunderland, Aston Villa, Stoke 1999-2007, 2008-12, 2013-14 Thomas Sorensen
67%
MID Norwich 2021-22 Jacob Sorensen
63%
DEF Fulham, Crystal Palace 2020-present Joachim Andersen
63%
ATT Newcastle 1997-98 Jon Dahl Tomasson
63%
DEF/MID Stoke 2017-18 Lasse Sorensen
63%
DEF Luton 2023-24 Mads Andersen
63%
DEF Brentford 2021-23 Mads Bech Sorensen
63%
GK Charlton 2004-06 Stephan Andersen
63%
MID/ATT Chelsea 1998-99 Brian Laudrup
58%
MID Liverpool 2010-11 Christian Poulsen
58%
DEF Southampton, Leicester 2018-22, 2024-25 Jannik Vestergaard
58%
GK Leicester, West Ham 2024-present Mads Hermansen
58%
GK Manchester United 2011-14 Anders Lindegaard
50%
MID Burnley 2023-24, 2025-present Jacob Bruun Larsen
50%
ATT Bolton 2001-07 Henrik Pedersen
46%
ATT Blackburn 1996-97 Per Pedersen
46%
MID Everton 2000-05, 2007-08 Thomas Gravesen
46%
MID Chelsea, Birmingham 2000-05 Jesper Gronkjaer
42%
GK Huddersfield, Brentford 2017-19, 2021-22 Jonas Lossl
42%
DEF Leicester 2022-23, 2024-25 Victor Kristiansen
42%
DEF Derby, Leicester 1996-2000, 2001-02 Jacob Laursen
38%
DEF Aston Villa 2004-09 Martin Laursen
38%
DEF Manchester United 2024-present Patrick Dorgu
38%
MID Huddersfield, Bournemouth 2017-20, 2022-25 Philip Billing
38%
ATT Sheff Utd, Newcastle 2023-present William Osula
38%
MID Spurs 1996-2000 Allan Nielsen
33%
MID Charlton 2004-07 Dennis Rommedahl
33%
MID Liverpool 1992-95 Jan Molby
33%
MID Everton 2024-25 Jesper Lindstrom
29%
MID Brighton 2024-present Matt O'Riley
29%
DEF Norwich 2004-05 Thomas Helveg
29%
ATT Manchester United 2024-present Chido Obi
25%
DEF Ipswich, Everton 1994-95, 1996-98 Claus Thomsen
25%
GK Leicester 2022-23 Daniel Iversen
25%
DEF Everton, Blackburn, West Ham 2008-11 Lars Jacobsen
25%
MID Bolton 2001-03 Stig Tofting
25%
ATT Cardiff 2013-14 Andreas Cornelius
21%
ATT Bolton 2001-02 Bo Hansen
21%
DEF Aston Villa 2013-16 Jores Okore
21%
MID Fulham 2007-09 Leon Andreasen
21%
DEF Brentford 2021-25 Mads Roerslev
21%
ATT Newcastle 2008-09, 2010-12 Peter Lovenkrands
21%
MID Middlesbrough 2016-17 Viktor Fischer
21%
DEF Chelsea 1999-2000 Jes Hogh
17%
ATT Middlesbrough, Derby 1996-97, 1998-2000 Mikkel Beck
17%
ATT Aston Villa 2013-14 Nicklas Helenius
17%
MID Bolton 1997-98, 2001-04 Per Frandsen
17%
MID Fulham 2013-14 William Kvist
17%
DEF Chelsea 1993-95 Jacob Kjeldberg
13%
GK Stoke 2015-17 Jakob Haugaard
13%
ATT Cardiff 2018-19 Kenneth Zohore
13%
DEF West Brom 2004-06 Martin Albrechtsen
13%
MID Coventry 1997-98 Martin Johansen
13%
MID Bolton 1997-98 Michael Johansen
13%
DEF Ipswich, West Brom 2001-02, 2004-06 Thomas Gaardsoe
13%
DEF Liverpool 1992-94 Torben Piechnik
13%
MID Southampton 2024-25 Albert Gronbaek
8%
GK Man City 2003-04 Kevin Stuhr Ellegaard
8%
DEF West Ham 1994-98 Marc Rieper
8%
DEF Everton 2005-06 Per Kroldrup
8%
MID Chelsea, Fulham 1998-2000, 2001-03 Bjarne Goldbaek
4%
DEF Portsmouth 2005-06 Brian Priske
4%
MID Sunderland 1999-2000 Carsten Fredgaard
4%
MID Bournemouth 2022-23 Emiliano Marcondes
4%
MID Brentford 2021-22 Mads Bistrup
4%
DEF Man City 2002-03 Mikkel Bischoff
4%
DEF Wolves 2020-21 Oskar Buur
4%
MID Everton 1998-99 Peter Degn
4%
MID/ATT Southampton, Man City 1994-96 Ronnie Ekelund
4%
No matching quizzes found
Score Distribution
Percent of People with Each Score
Percentile by Number Answered
Your Score History
You have not taken this quiz